Instalaciones de gas
Furkejuvvon:
| Váldodahkki: | |
|---|---|
| Materiálatiipa: | Girji |
| Giella: | espánnjágiella |
| Almmustuhtton: |
Buenos Aires
Alsina
2001
|
| Preanttus: | 4a. ed |
| Fáttát: | |
| Fáddágilkorat: |
Lasit fáddágilkoriid
Eai fáddágilkorat, Lasit vuosttaš fáddágilkora!
|
MARC
| LEADER | 00000nam a2200000 a 4500 | ||
|---|---|---|---|
| 001 | UCK3208 | ||
| 003 | CL-VaPUC | ||
| 008 | 050415e20010000AG |||||||||||||||||spa|d | ||
| 020 | |a 9505530560 | ||
| 082 | 0 | 4 | |a 696.2 |b QUA |2 21 |
| 100 | 0 | |a Quadri, Néstor Pedro |e author |9 491237 | |
| 245 | 1 | 0 | |a Instalaciones de gas |
| 250 | |a 4a. ed | ||
| 300 | |a 214 p | ||
| 942 | |c BK | ||
| 945 | |d 20050415 00:00:00 |a jcarroza | ||
| 260 | |a Buenos Aires |b Alsina |c 2001 | ||
| 650 | 0 | |a Instalaciones de gas |9 262735 | |
| 650 | 0 | |a Gas natural |9 263904 | |
| 650 | 7 | |a CAÑERIAS |2 CL-VaPUC |9 454108 | |
| 583 | |a last modification |c 20050415 00:00:00 |k Rodrigo Vera | ||
| 999 | |c 312469 |d 312467 | ||
| 952 | |0 0 |1 0 |4 0 |6 696_200000000000000_QUA_2001 |7 0 |8 A |9 382871 |a BIBING |b BIBING |d 2019-11-21 |i 4111060 |o 696.2 QUA 2001 |p 4111060 |r 2025-01-20 |w 2019-11-21 |y BK |k ING | ||